Soil water dynamics

Shranjeno v:
Bibliografske podrobnosti
Glavni avtor: Warrick, A. W.
Format: Knjiga
Jezik:Undetermined
Izdano: Oxford, NY. Oxford University Press 2003
Teme:
Oznake: Označite
Brez oznak, prvi označite!
Thư viện lưu trữ: Trung tâm Học liệu Trường Đại học Cần Thơ
LEADER 00562nam a2200205Ia 4500
001 CTU_117712
008 210402s9999 xx 000 0 und d
020 |c 59.50 
082 |a 631.432 
082 |b W295 
100 |a Warrick, A. W. 
245 0 |a Soil water dynamics 
245 0 |c A. W. Warrick 
260 |a Oxford, NY. 
260 |b Oxford University Press 
260 |c 2003 
650 |a Soil moisture,Groundwater flow 
650 |x Mathematical models,Mathematical models 
904 |i Minh 
980 |a Trung tâm Học liệu Trường Đại học Cần Thơ